សិក្សាអត្ថបទអក្សរសិល្ប៏បរទេស : (Record no. 6684)
[ view plain ]
| 000 -LEADER | |
|---|---|
| fixed length control field | 02039nam a22002537a 4500 |
| 001 - CONTROL NUMBER | |
| control field | 6684 |
| 003 - CONTROL NUMBER IDENTIFIER | |
| control field | FISKH |
| 005 - DATE AND TIME OF LATEST TRANSACTION | |
| control field | 20250521085210.0 |
| 008 - FIXED-LENGTH DATA ELEMENTS--GENERAL INFORMATION | |
| fixed length control field | 250521b cb ||||| |||| 00| 0 eng d |
| 020 ## - INTERNATIONAL STANDARD BOOK NUMBER | |
| International Standard Book Number | 97899963332558 |
| 040 ## - CATALOGING SOURCE | |
| Original cataloging agency | FISKH |
| Language of cataloging | khr |
| Transcribing agency | FISKH |
| Modifying agency | FISKH |
| 082 ## - DEWEY DECIMAL CLASSIFICATION NUMBER | |
| Classification number | 800 |
| 100 ## - MAIN ENTRY--PERSONAL NAME | |
| Personal name | Sokheng, Kong |
| 245 ## - TITLE STATEMENT | |
| Title | សិក្សាអត្ថបទអក្សរសិល្ប៏បរទេស : |
| Remainder of title | សម្រាប់ថ្នាក់មធ្យមសិក្សាចំណេះទូទៅ ស្របតាមកម្មវិធីសិក្សាថ្មីរបស់ក្រសួងអប់រំ / |
| Statement of responsibility, etc. | រៀបរៀងដោយលោក គង់ សុខហេង |
| 250 ## - EDITION STATEMENT | |
| Edition statement | បោះពុម្ពលើកទី១ |
| 260 ## - PUBLICATION, DISTRIBUTION, ETC. | |
| Place of publication, distribution, etc. | ភ្នំពេញ : |
| Name of publisher, distributor, etc. | ប៉ៃ ណែត , |
| Date of publication, distribution, etc. | ២០១២ . |
| 300 ## - PHYSICAL DESCRIPTION | |
| Extent | 191 pages : |
| Other physical details | illustrations ; |
| Dimensions | 21 cm . |
| 520 ## - SUMMARY, ETC. | |
| Summary, etc. | សៀវភៅនេះផ្តល់ការពិចារណាអំពីអត្ថបទអក្សរសិល្ប៍បរទេសដែលមានសារៈសំខាន់ក្នុងការសិក្សា និងការយល់ដឹងអំពីវប្បធម៌ និងសង្គមនានា។ វាបង្ហាញពីការវិភាគអត្ថន័យ និងបរិបទនៃស្នាដៃអក្សរសិល្ប៍ ដើម្បីជួយសិស្សក្នុងការយល់ដឹង និងការវិភាគអត្ថបទ។ |
| 520 ## - SUMMARY, ETC. | |
| Summary, etc. | "This book offers reflections on foreign literary texts that are important for study and understanding of various cultures and societies. It presents analysis of the meaning and context of literary works to help students better understand and interpret the texts." |
| 650 ## - SUBJECT ADDED ENTRY--TOPICAL TERM | |
| Topical term or geographic name entry element | អ៊ុយលីសវិលវិញ |
| Form subdivision | អក្សរសិល្ប៏បរទេស |
| 650 ## - SUBJECT ADDED ENTRY--TOPICAL TERM | |
| Topical term or geographic name entry element | Uy Lis vil veng |
| Form subdivision | Foreign Literature |
| 942 ## - ADDED ENTRY ELEMENTS (KOHA) | |
| Source of classification or shelving scheme | Dewey Decimal Classification |
| Koha item type | Khmer Books |
| Suppress in OPAC | No |
| Withdrawn status | Lost status | Source of classification or shelving scheme | Damaged status | Not for loan | Collection | Home library | Current library | Shelving location | Date acquired | Total Checkouts | Full call number | Barcode | Date last seen | Copy number | Price effective from | Koha item type |
|---|---|---|---|---|---|---|---|---|---|---|---|---|---|---|---|---|
| Dewey Decimal Classification | Khmer Language Books / សៀវភៅភាសាខ្មែរ | Footprints International School Library Network Toul Tom Poung Campus | Footprints International School Library Network Toul Tom Poung Campus | TTP Secondary Khmer Bookshelves | 05/21/2025 | SOK 900 | FISSE01631 | 05/21/2025 | 1 | 05/21/2025 | Khmer Books | |||||
| Dewey Decimal Classification | Khmer Language Books / សៀវភៅភាសាខ្មែរ | Footprints International School Library Network Toul Tom Poung Campus | Footprints International School Library Network Toul Tom Poung Campus | TTP Secondary Khmer Bookshelves | 05/21/2025 | SOK 900 | FISSE01507 | 05/21/2025 | 2 | 05/21/2025 | Khmer Books |
